000 00771nam a22002537a 4500
001 00260
003 DO-SdBNP
005 20180223104211.0
008 151208b 2001 sp a |||| 00| 0 spa d
020 _a8426132065
040 _aBPMSU
_bspa
_cBPMSU
092 _axxxxx
_bxxxxx
100 1 _aSpyri, Johanna,
_c1829-1901.
245 1 0 _aHeidi /
_cJohanna Spyri ; traducción del alemán por Th. Scheppelmann.
260 _aBarcelona :
_bJuventud,
_c2001.
300 _a221 p. :
_bil. ;
_c22 cm
500 _aIncluye datos biográficos de la autora en la solapa de la contracubierta.
700 1 2 _aScheppelmann, Th.,
_etr.
700 1 2 _aHey, Paul,
_eil.
910 _a00260
942 _2ddc
_cBK
945 _aInventariado, 2018/ YL
956 _aLorenza Pérez
_b10
999 _c9039
_d9039